| 000 | 01303nam a2200361 i 4500 | ||
|---|---|---|---|
| 001 | bl2019038634 | ||
| 003 | OSt | ||
| 005 | 20260109033037.0 | ||
| 008 | 191223r20202019nyua j 000 1 eng d | ||
| 010 | _abl2019038634 | ||
| 020 | _a9781524770266 | ||
| 020 | _a1524770264 | ||
| 040 |
_aNjBwBT _beng _cNjBwBT _erda |
||
| 092 | _aJ PB FICTION Kelly | ||
| 100 | 1 |
_aKelly, Lynne, _eauthor. |
|
| 245 | 1 | 0 |
_aSong for a whale / _cLynne Kelly. |
| 250 | _aFirst Yearling edition. | ||
| 264 | 1 |
_aNew York : _bA Yearling book, _c2020. |
|
| 300 |
_a298 pages : _billustrations ; _c20 cm. |
||
| 336 |
_atext _2rdacontent. |
||
| 337 |
_aunmediated _2rdamedia. |
||
| 338 |
_avolume _2rdacarrier. |
||
| 520 | _aTwelve-year-old Iris and her grandmother, both deaf, drive from Texas to Alaska armed with Iris's plan to help Blue-55, a whale unable to communicate with other whales. | ||
| 650 | 1 |
_aCommunication _vFiction. |
|
| 650 | 1 |
_aLoneliness _vFiction. |
|
| 650 | 1 |
_aDeaf _vFiction. |
|
| 650 | 1 |
_aPeople with disabilities _vFiction. |
|
| 650 | 1 |
_aWhales _vFiction. |
|
| 650 | 1 |
_aAutomobile travel _vFiction. |
|
| 650 | 1 |
_aGrandmothers _vFiction. |
|
| 775 | 0 | 8 |
_iReproduction of (manifestation): _aKelly, Lynne. _tSong for a whale _dNew York : Delacorte Press, [2019] _w(DLC) 2018006061. |
| 942 |
_2ddc _cBK |
||
| 999 |
_c31425 _d31423 |
||